000
00326nam a22001337a 4500
008
181107b xxu||||| |||| 00| 0 eng d
020
_a
9780743294089
041
_a
eng
080
_a
941
100
_a
16
101
_a
HIS
245
_a
The Graet Exdperiment The Story Of Ancient Emperies
_c
Talbot.S
942
_2
udc
_c
BK
999
_c
52057
_d
52057